Dangerous liaisons (Record no. 76253)
[ view plain ]
| 000 -LEADER | |
|---|---|
| fixed length control field | 01020cab a2200205 4500 |
| 001 - CONTROL NUMBER | |
| control field | ##L131711 |
| 008 - FIXED-LENGTH DATA ELEMENTS--GENERAL INFORMATION | |
| fixed length control field | 051201n2005 000 0 eng u |
| 035 ## - SYSTEM CONTROL NUMBER | |
| System control number | (Sirsi) u131711 |
| 041 0# - LANGUAGE CODE | |
| Language code of text/sound track or separate title | eng |
| 100 1# - MAIN ENTRY--PERSONAL NAME | |
| Personal name | Crossley, Gary |
| 245 00 - TITLE STATEMENT | |
| Title | Dangerous liaisons |
| 260 ## - PUBLICATION, DISTRIBUTION, ETC. | |
| Date of publication, distribution, etc. | 2005 |
| 490 #0 - SERIES STATEMENT | |
| Series statement | Building |
| Volume/sequential designation | 270(8408) 25 November 2005, 62-63(2) |
| 520 ## - SUMMARY, ETC. | |
| Summary, etc. | The latest KPMG Global Construction Survey reveals that 75% of respondents are prepared to override risk management policies to secure a contract. Abdication of risk by clients is perceived to be the main cause of contractual disputes, although only a small percentage of disputes lead to litigation or arbitration. The top three challenges facing the industry are identified as risk management, lack of qualified staff, and securing of forward workload. Pie chart. Graph. |
| 590 ## - LOCAL NOTE (RLIN) | |
| Local note | IKA061205 |
| 650 24 - SUBJECT ADDED ENTRY--TOPICAL TERM | |
| Topical term or geographic name entry element | KPMG GLOBAL CONSTRUCTION SURVEY |
| 690 ## - LOCAL SUBJECT ADDED ENTRY--TOPICAL TERM (OCLC, RLIN) | |
| Topical term or geographic name as entry element | MANAGEMENT-HEALTH AND SAFETY-HEALTH AND SAFETY RISK MANAGEMENT |
| 700 1# - ADDED ENTRY--PERSONAL NAME | |
| Personal name | Firth, Leon |
| 942 ## - ADDED ENTRY ELEMENTS (KOHA) | |
| Suppress in OPAC | 0 |
| Withdrawn status | Lost status | Source of classification or shelving scheme | Damaged status | Not for loan | Home library | Current library | Shelving location | Date acquired | Total Checkouts | Full call number | Barcode | Date last seen | Copy number | Price effective from | Koha item type |
|---|---|---|---|---|---|---|---|---|---|---|---|---|---|---|---|
| Dewey Decimal Classification | London | London | Journal article | 01/12/2005 | L131711 | 131711-1001 | 06/08/2019 | 1 | 06/08/2019 | Journal article |